Sports Quiz

Random Sports or Tennis Quiz

Tennis Year-End #1s Quiz Stats

 Plays Quiz Updated Jan 5, 2021

Support Sporcle.
Go Orange.
Score 0/92 Timer 07:00
1 Play Today
Gender Year End #1 % Correct
MenRafael Nadal
98%
MenRafael Nadal
97.1%
MenRoger Federer
96.9%
MenRoger Federer
96.9%
MenRoger Federer
96.9%
MenRoger Federer
96.9%
MenNovak Đoković
96.4%
MenRoger Federer
96.3%
MenNovak Đoković
95.5%
MenRafael Nadal
95.4%
MenRafael Nadal
95.3%
MenRafael Nadal
94.6%
WomenSerena Williams
93.4%
WomenSerena Williams
93.1%
WomenSerena Williams
92.8%
WomenSerena Williams
92.6%
MenNovak Đoković
92.6%
MenPete Sampras
92.4%
MenPete Sampras
92.4%
MenPete Sampras
92.4%
MenPete Sampras
92.4%
MenPete Sampras
92.4%
MenPete Sampras
92.4%
MenNovak Đoković
91.9%
MenNovak Đoković
91.9%
MenAndre Agassi
89.4%
WomenSerena Williams
89.3%
MenAndy Murray
88.8%
MenJohn McEnroe
87%
MenJohn McEnroe
87%
MenJohn McEnroe
87%
Gender Year End #1 % Correct
MenJohn McEnroe
87%
MenBjörn Borg
82.5%
MenBjörn Borg
82.5%
WomenSteffi Graf
78.7%
WomenSteffi Graf
78.7%
WomenSteffi Graf
78.7%
WomenSteffi Graf
78.7%
WomenSteffi Graf
78.7%
WomenSteffi Graf
78.7%
WomenSteffi Graf
78.7%
WomenSteffi Graf
78.7%
WomenMartina Navratilova
75%
WomenMartina Navratilova
75%
WomenMartina Navratilova
75%
WomenMartina Navratilova
75%
WomenMartina Navratilova
75%
WomenMartina Navratilova
75%
WomenMartina Navratilova
75%
MenJimmy Connors
73.5%
MenJimmy Connors
73.5%
MenJimmy Connors
73.5%
MenJimmy Connors
73.5%
MenIvan Lendl
68.3%
MenIvan Lendl
68.3%
MenIvan Lendl
68.3%
MenIvan Lendl
68.3%
MenNovak Đoković
65.9%
WomenSimona Halep
65%
MenAndy Roddick
64.7%
WomenMartina Hingis
63.8%
WomenMartina Hingis
63.8%
Gender Year End #1 % Correct
WomenMartina Hingis
63.8%
WomenMonica Seles
63.6%
WomenMonica Seles
63.6%
WomenSimona Halep
63%
WomenChris Evert
62.4%
WomenChris Evert
62.4%
WomenChris Evert
62.4%
WomenChris Evert
62.4%
WomenChris Evert
62.4%
MenLleyton Hewitt
61.4%
MenLleyton Hewitt
61.4%
WomenAshleigh Barty
61%
WomenJustine Henin-Hardenne
58.9%
WomenJustine Henin-Hardenne
58.9%
WomenJustine Henin
58.9%
WomenAshleigh Barty
56.2%
WomenAngelique Kerber
53.7%
WomenLindsay Davenport
53.4%
WomenLindsay Davenport
53.4%
WomenLindsay Davenport
53.4%
WomenLindsay Davenport
53.4%
MenStefan Edberg
52.6%
MenStefan Edberg
52.6%
WomenCaroline Wozniacki
51.2%
MenJim Courier
48%
WomenVictoria Azarenka
44.8%
WomenCaroline Wozniacki
44.6%
MenMats Wilander
43.7%
MenGustavo Kuerten
35.5%
WomenJelena Janković
29.4%

You're not logged in!

Compare scores with friends on all Sporcle quizzes.
OR
Log In

From the Vault

The Compound Game

by HenryFieldstone

When two words are formed together to become one, the Sporcled brain becomes happy.
Remove Ads.
Support Sporcle.
Get the best of Sporcle when you Go Orange. This ad-free experience offers more features, more stats, and more fun while also helping to support Sporcle. Thank you for becoming a member.

Show Comments

Extras

Top Quizzes Today


Score Distribution

Your Account Isn't Verified!

In order to create a playlist on Sporcle, you need to verify the email address you used during registration. Go to your Sporcle Settings to finish the process.

Report this User

Report this user for behavior that violates our Community Guidelines.

Details: